<?xml version="1.0" encoding="UTF-8"?>
<record
    xmlns:xsi="http://www.w3.org/2001/XMLSchema-instance"
    xsi:schemaLocation="http://www.loc.gov/MARC21/slim http://www.loc.gov/standards/marcxml/schema/MARC21slim.xsd"
    xmlns="http://www.loc.gov/MARC21/slim">

  <leader>02533nam a2200361 a 4500</leader>
  <controlfield tag="001">000010680</controlfield>
  <controlfield tag="003">DO-SdBNP</controlfield>
  <controlfield tag="005">20240307073945.0</controlfield>
  <controlfield tag="007">ta</controlfield>
  <controlfield tag="008">091009s1986    dr abd        000 0 spa d</controlfield>
  <datafield tag="040" ind1=" " ind2=" ">
    <subfield code="a">DO-SdBNP</subfield>
    <subfield code="b">spa</subfield>
    <subfield code="c">BNPHU</subfield>
  </datafield>
  <datafield tag="082" ind1=" " ind2=" ">
    <subfield code="a">616.9652</subfield>
    <subfield code="b">E56f</subfield>
  </datafield>
  <datafield tag="111" ind1="2" ind2=" ">
    <subfield code="a">Encuentro sobre Filariasis en la Rep&#xFA;blica Dominicana</subfield>
    <subfield code="d">(1980 :</subfield>
    <subfield code="c">Santo Domingo, Rep&#xFA;blica Dominicana)</subfield>
    <subfield code="9">25857</subfield>
  </datafield>
  <datafield tag="245" ind1="1" ind2="0">
    <subfield code="a">Filariasis en la Rep&#xFA;blica Dominicana /</subfield>
    <subfield code="c">edici&#xF3;n Josefina, P&#xE9;rez Marrero ; pr&#xF3;logo Fernando S&#xE1;nchez Mart&#xED;nez ; presentaci&#xF3;n H&#xE9;ctor Read.</subfield>
  </datafield>
  <datafield tag="260" ind1=" " ind2=" ">
    <subfield code="a">Santo Domingo :</subfield>
    <subfield code="b">Universitaria,</subfield>
    <subfield code="c">1986.</subfield>
  </datafield>
  <datafield tag="300" ind1=" " ind2=" ">
    <subfield code="a">187 p. :</subfield>
    <subfield code="b">il., map. gr&#xE1;f. ;</subfield>
    <subfield code="c">21 cm.</subfield>
  </datafield>
  <datafield tag="490" ind1="1" ind2=" ">
    <subfield code="a">Publicaciones de la Universidad Aut&#xF3;noma de Santo Domingo</subfield>
    <subfield code="v">457</subfield>
  </datafield>
  <datafield tag="490" ind1="1" ind2=" ">
    <subfield code="a">Ciencia y tecnolog&#xED;a</subfield>
    <subfield code="v">21</subfield>
  </datafield>
  <datafield tag="500" ind1=" " ind2=" ">
    <subfield code="a">Incluye bibliograf&#xED;a al final de los capitulos</subfield>
  </datafield>
  <datafield tag="500" ind1=" " ind2=" ">
    <subfield code="a">Incluye referencias bibliogr&#xE1;ficas y notas al pie de las p&#xE1;ginas.</subfield>
  </datafield>
  <datafield tag="505" ind1="0" ind2=" ">
    <subfield code="a">Dedicatoria -- Liminar -- Filariasis en la Rep&#xFA;blica Dominicana / H&#xE9;ctor Read B. -- Acerca de la filariasis en Santo Domingo / H&#xE9;ctor Rad B. -- Filariasis y elefantiasis / Sixto S. Inch&#xE1;ustegui C. -- Contribucci&#xF3;n al estudio de la Wuchereria Bancrofti como productora de eosinofilia en Santo Domingo / Mercedes Vargas de G&#xF3;mez, Nidia Vargas de Matos, Mar&#xED;a Castillo y B&#xE9;lgica L. Santos -- Observaciones preliminares sobre filaria en Santo Domingo, con una poblaci&#xF3;n provinientes de diversas areas del pais / Ivelisse Acosta Reyes, Digna Rivera Rold&#xE1;n, Regina Vega -- Filariasis en Santo Domingo / Elsa Vallejo -- Incidencia y periodicidad de Bancrofti en sangre tomada de dia Batey Ocho del Central Romana / Mercedes Vargas de G&#xF3;mez, Evangelina Abr&#xE9;u y Nidia Vargas Matos -- Filariasis en una poblaci&#xF3;n rural de Rep&#xFA;blica Dominicana -- Tratamiento de las Quilarias Filaricas / Clarence Eduardo Charles Dunlop.</subfield>
  </datafield>
  <datafield tag="590" ind1=" " ind2=" ">
    <subfield code="a">Inventariado,2018/DG</subfield>
  </datafield>
  <datafield tag="650" ind1=" " ind2="4">
    <subfield code="a">Filariasis</subfield>
    <subfield code="z">Rep&#xFA;blica Dominicana</subfield>
    <subfield code="v">CONGRESOS, CONFERENCIAS, ETC.</subfield>
    <subfield code="9">25858</subfield>
  </datafield>
  <datafield tag="650" ind1=" " ind2="4">
    <subfield code="a">Enfermedades parasitarias</subfield>
    <subfield code="v">CONGRESOS, CONFERENCIAS, ETC.</subfield>
    <subfield code="9">25859</subfield>
  </datafield>
  <datafield tag="650" ind1=" " ind2="4">
    <subfield code="a">Elefantiasis</subfield>
    <subfield code="v">CONGRESOS, CONFERENCIAS, ETC.</subfield>
    <subfield code="9">25860</subfield>
  </datafield>
  <datafield tag="700" ind1="1" ind2="2">
    <subfield code="a">P&#xE9;rez Marrero, Josefina,</subfield>
    <subfield code="e">ed.</subfield>
    <subfield code="9">25861</subfield>
  </datafield>
  <datafield tag="700" ind1="1" ind2="2">
    <subfield code="a">S&#xE1;nchez, Fernando,</subfield>
    <subfield code="e">pr&#xF3;l.</subfield>
    <subfield code="9">25862</subfield>
  </datafield>
  <datafield tag="700" ind1="1" ind2="2">
    <subfield code="a">Read, H&#xE9;ctor</subfield>
    <subfield code="9">25863</subfield>
  </datafield>
  <datafield tag="710" ind1="1" ind2="2">
    <subfield code="a">Universidad Aut&#xF3;noma de Santo Domingo</subfield>
    <subfield code="9">72951</subfield>
  </datafield>
  <datafield tag="830" ind1=" " ind2="0">
    <subfield code="a">Publicaciones de la Universidad Aut&#xF3;noma de Santo Domingo</subfield>
    <subfield code="v">457</subfield>
    <subfield code="p">Ciencia y tecnolog&#xED;a</subfield>
    <subfield code="n">21</subfield>
    <subfield code="9">25864</subfield>
  </datafield>
  <datafield tag="910" ind1=" " ind2=" ">
    <subfield code="a">Validado. Control de calidad MFF</subfield>
  </datafield>
  <datafield tag="942" ind1=" " ind2=" ">
    <subfield code="2">ddc</subfield>
    <subfield code="c">LBS1</subfield>
  </datafield>
  <datafield tag="952" ind1=" " ind2=" ">
    <subfield code="0">0</subfield>
    <subfield code="1">0</subfield>
    <subfield code="7">1</subfield>
    <subfield code="8">PD</subfield>
    <subfield code="a">PD</subfield>
    <subfield code="b">PD</subfield>
    <subfield code="c">HD</subfield>
    <subfield code="d">2009-10-09</subfield>
    <subfield code="i">LF1</subfield>
    <subfield code="l">0</subfield>
    <subfield code="o">616.9652 E56f</subfield>
    <subfield code="p">10680-10</subfield>
    <subfield code="r">2020-06-25</subfield>
    <subfield code="w">2020-06-25</subfield>
    <subfield code="y">LFPD</subfield>
    <subfield code="Z">No se presta</subfield>
  </datafield>
  <datafield tag="952" ind1=" " ind2=" ">
    <subfield code="0">0</subfield>
    <subfield code="1">0</subfield>
    <subfield code="7">1</subfield>
    <subfield code="8">PD</subfield>
    <subfield code="a">PD</subfield>
    <subfield code="b">PD</subfield>
    <subfield code="c">HD</subfield>
    <subfield code="d">2015-08-26</subfield>
    <subfield code="i">LF1</subfield>
    <subfield code="l">0</subfield>
    <subfield code="o">616.9652 E56f</subfield>
    <subfield code="p">10680-40</subfield>
    <subfield code="r">2020-06-25</subfield>
    <subfield code="t">e. 2</subfield>
    <subfield code="w">2020-06-25</subfield>
    <subfield code="y">LFPD</subfield>
    <subfield code="Z">No se presta</subfield>
  </datafield>
  <datafield tag="952" ind1=" " ind2=" ">
    <subfield code="0">0</subfield>
    <subfield code="1">0</subfield>
    <subfield code="7">1</subfield>
    <subfield code="8">DS</subfield>
    <subfield code="a">PD</subfield>
    <subfield code="b">PD</subfield>
    <subfield code="c">HD</subfield>
    <subfield code="d">2015-08-26</subfield>
    <subfield code="i">LF1</subfield>
    <subfield code="l">0</subfield>
    <subfield code="o">616.9652 E56f</subfield>
    <subfield code="p">10680-50</subfield>
    <subfield code="r">2020-06-25</subfield>
    <subfield code="t">e. 3</subfield>
    <subfield code="w">2020-06-25</subfield>
    <subfield code="y">LFDS</subfield>
    <subfield code="Z">No se presta</subfield>
  </datafield>
  <datafield tag="999" ind1=" " ind2=" ">
    <subfield code="c">10435</subfield>
    <subfield code="d">10435</subfield>
  </datafield>
</record>
